| 000 | 00521nam a2200205Ia 4500 | ||
|---|---|---|---|
| 005 | 20250508152803.0 | ||
| 008 | 008 250505s9999 xx 000 0 eng d | ||
| 037 | _aTextual | ||
| 040 |
_aFEDL _beng _cFEDL |
||
| 041 |
_aeng _2eng |
||
| 084 |
_a510, HOG _qFEDL |
||
| 100 | _aHogben Lancelot | ||
| 245 | 0 | _aMathematics in the making | |
| 260 |
_aLondon, UK _bMacDonald _c1960 |
||
| 300 | _a320p | ||
| 365 |
_aINR _b40 |
||
| 650 | _aMathematics | ||
| 942 |
_cTEXL _h510, HOG |
||
| 999 |
_c1338752 _d1338752 |
||